000 01232cam a2200241 4500
001 J125604
008 040326n2004 000 0 eng u
035 _a(Sirsi) u125604
041 _aeng
050 _a333.337
_c18
110 _aRoyal Institution of Chartered Surveyors
_bFoundation
_94173
245 _aCity of London office supply and demand forecasting model
_h[electronic resource]
260 _aLondon
_bRICS Foundation
_c2004
490 _aRICS Foundation Downloadable Research Tools
520 _aUsing the City of London as a case-study, this downloadable research tool enables users to simulate various market trends and changes such as an increase in interest rates or a change in planning policy, and to see what their impact is on office supply and demand. The spreadsheet-based model is available in two versions: the scenario tester and the complete model. The model is based on "Research report : forecasting office supply and demand" (ISBN 1842190164).
520 _aThis item is no longer available.
650 _aSUPPLY AND DEMAND
650 _aOFFICE SPACE
650 _aPROPERTY MARKET
650 _aFORECASTING
690 _aPROPERTY-COMMERCIAL PROPERTY-COMMERCIAL PROPERTY MARKET
942 _n0
999 _c103443
_d103443